Allgemeinwissensquiz Hertha BSC - Statistiken

Allgemein
  • Dieses Quiz wurde 183 mal gespielt
  • Das Durchschnittsergebnis liegt bei 7 aus 15
Antwortstatistiken
Frage Antwort % Korrekt
Wer ist der Spieler mit den meisten Einsätzen für Hertha BSC? Pal Dardai
78%
Wer war der jüngste Spieler, der jemals für Hertha in einem Pflichtspiel eingesetzt wurde? Boris Mamuzah Lum
72%
Welcher Hertha-Spieler wurde 1975 Torschützenkönig der Bundesliga? Erich Beer
66%
Welcher dieser Ex-Spieler konnte die Champions League gewinnen? Salomon Kalou
64%
Wie heißt eine offizielle Fan-Gruppierung von Hertha-BSC? Hertha-Frösche
63%
Wer ist der teuerste Einkauf in der Vereinsgeschichte? Lucas Tousart
54%
Wie heißt das Stadion, in dem Hertha BSC vor dem Olympiastadion spielte? Stadion am Gesundbrunnen
52%
Wie hoch war der höchste Bundesliga Sieg des Vereins? 9:1
51%
Welche Mannschaft hat Hertha in der Saison 1999/2000 im Champions-League-Gruppenspiel besiegt? FC Chelsea
35%
Wann gewann Hertha BSC zum ersten Mal die 2. Bundesliga? 1989/90
31%
Wer war der älteste Spieler bei einem Pflichtspiel für Hertha? Jaroslav Drobny
28%
Wie viele Pflichtspiele absolvierte Hertha im Europapokal insgesamt? 56
19%
Wer erzielte das erste Bundesliga-Tor der Vereinsgeschichte? Wolfgang Gayer
19%
Welcher Spieler von Hertha BSC hatte in seiner Karriere die meisten Eigentore für den Verein geschossen? Michael Sziedat
15%
Wer ist der Rekordtorschütze von Hertha BSC? Hanne Sobek
13%
Keine übereinstimmenden Quizze gefunden
Verteilung der Resultate
Anzahl Personen mit jedem Resultat
Perzentil nach korrekt beantworteten Fragen
Ihre Resultats-Entwicklung
Sie haben dieses Quiz noch nicht gespielt